000 00487nam a2200181Ia 4500
005 20250326125747.0
008 250326s9999 xx 000 0 und d
037 _aTextbook
040 _aFMSL
_beng
_cFMSL
041 _aeng
_2eng
084 _aX:513.1 N4
_qFMSL
100 _aDunn S W
_9737148
245 0 _aInternational handbook of advertising
_cDunn S W
260 _aNY
_bNY, M G H
_c1964
300 _a788p
942 _cTB
_hX:513.1 N4
999 _c1279445
_d1279445